1233 1570 1006 1952 1717 1330 1563 1227 1718 1009 1988 1875 1636 1500 1788 1729 1203 1948 1689 1422 1597 1778 1917 1924 1413 1613 1473 1620 1252 1482 1394 1061 1509 1808 1908 1604 1981 1665 1387 1531 1522 1199 1632 1104 1941 1926 1798 1932 1995 1504 1969 1407 1489 1847 1662 1676 1522 1178 1695 1038 1870 1970 1951 1973 1641 1848 1585 1559 1328 1951 1784 1172 1502 1459 1634 1833 1462 1169 1704 1357 1620 1956 1460 1278 1921 1778 1855 1009 1301 1553 1967 1437 1188 1842 1749 1238 1404 1573 1708 BCNSPRNW ULIB Ver.6.0+V

เปลี่ยนเป็นภาษาไทย

Change to English
 แสดงรายละเอียดบรรณานุกรม
  กลับหน้าหลัก

Brief Record : Get Marc (ISO 2709) : E-mail record : QR code < ปิดหน้าต่าง
LEADER : 00000nam 2200000uu 4500
001    13399121597
003     ULIB
008    121126s2546||||th 000 0 tha d
020    ^a9748860507
060 04 ^aWW^bอ199ค
245 00 ^aคู่มืออาสมัครร่วมพัฒนาคุณภาพชีวิตคนตาบอด /^c[คณะผู้ดำเนินานโครงการ ชูศักดิ์ จันทยานนท์ .. และคนอื่น ๆ]
250    ^aพิมพ์ครั้งที่ 3
260    ^a[กรุงเทพฯ] :^bกระทรวงการพฒนาสังคมและความมั่นคงของมนุษย์,^c2546
300    ^a80 หน้า :^bภาพประกอบ
650  7 ^aคนตาบอด^vคู่มือ
650  7 ^aคุณภาพชีวิต^bคู่มือ
710 2   ^aกระทรวงพัฒนาสังคมและความมั่นคงของมนุษย์
945    ^p0^l0^i12479
995    วิภา
รายการนี้ยังไม่มีแท็ก
คุณยังไม่ได้ล็อกอิน คุณสามารถมีกิจกรรมร่วมกับเว็บไซต์ได้ แต่ต้องล็อกอินก่อน ::
  ล็อกอิน

รายการสื่อสารสนเทศ

ลำดับที่ ประเภท เลขเรียก/บาร์โค้ด สถานที่ สถานะ
1. วิทยาศาสตร์การแพทย์ และสุขภาพ
วิทยาศาสตร์การแพทย์ และสุขภาพ
WW อ199ค  
  Barcode: 12479
ห้องสมุดวิทยาเขตสวรรค์ประชารักษ์
►หนังสือทั่วไป
บนชั้น

BibComment


ยังไม่เคยถูกคอมเมนท์

คอมเมนท์ทรัพยากรรายการนี้
  คอมเมนท์: คู่มืออาสมัครร่ว..


 Copyright 2026. Bcnsprnw @Library